| 000 | 01050nac a22003251i 4500 | ||
|---|---|---|---|
| 003 | EG-ScBUE | ||
| 005 | 20240314111430.0 | ||
| 008 | 240314s2005 ua a f 001 0 eng d | ||
| 020 | _a9774249526 | ||
| 020 | _a9789774249525 | ||
| 040 |
_aEG-ScBUE _beng _erda _cEG-ScBUE _dEG-ScBUE |
||
| 041 | 1 |
_aeng _hara |
|
| 043 | _af-ua--- | ||
| 082 | 0 | 4 |
_a932 _bBRE _222 |
| 100 | 1 |
_aBrega, Isabella, _eauthor. |
|
| 245 | 1 | 0 |
_aAncient and modern Egypt / _ctext by Isabella Brega ; translation by C.T.M. Milan. |
| 250 | _aRevised edition | ||
| 264 | 1 |
_aCairo : _bThe American University in Cairo Press, _c2005. |
|
| 300 |
_a127 pages : _bcolor illustrations ; _c24 cm |
||
| 336 |
_2rdacontent _atext _btxt |
||
| 337 |
_aunmediated _2rdamedia _bn |
||
| 338 |
_avolume _bnc _2rdacarrier |
||
| 500 | _aIncludes index. | ||
| 546 | _aText in English ; translated from the Arabic language. | ||
| 651 | 7 |
_aEgypt _xCivilization. _2BUEsh |
|
| 651 | 7 |
_aEgypt _xHistory. _2BUEsh |
|
| 655 | _vReading book | ||
| 700 | 1 |
_aMilan, C.T.M., _etranslator. |
|
| 942 |
_cBB _2ddc |
||
| 999 |
_c9238 _d9238 |
||